[Event "TCh-CHN 2016"]
[Site "China CHN"]
[Date "2016.12.04"]
[Round "21.4"]
[Board "5"]
[White "Du, Yuxin"]
[Black "Ren, Xiaoyi"]
[Result "1/2-1/2"]
[WhiteElo "2074"]
[BlackElo "2157"]
[WhiteTeam "Shenzhen"]
[BlackTeam "Chengdu"]
[WhiteFideId "8610282"]
[BlackFideId "8608709"]
[EventDate "2016.04.12"]

1. e4 e5 2. Nf3 Nf6 3. Nxe5 d6 4. Nf3 Nxe4 5. d4 Be7 6. Bd3 Nf6 7. h3 O-O 8. O-O
c5 9. c3 Nc6 10. dxc5 dxc5 11. Qc2 h6 12. Nbd2 Nd5 13. Re1 Qc7 14. Nc4 Bf6 15.
Ne3 Be6 16. Bf5 Ne5 17. Nxe5 Qxe5 18. Bxe6 Qxe6 19. Bd2 Nxe3 20. Bxe3 Qc6 21. c4
Rfe8 22. Rad1 Re6 23. Rd5 Bd4 24. Bd2 Rf6 25. Rf1 Re8 26. Bc3 Bxc3 27. Qxc3 Rg6
28. Re1 b6 29. b3 Ree6 30. Rxe6 Qxe6 31. Re5 Qd6 32. Re1 Qc6 33. f3 Qd7 34. Kh2
Rd6 35. Re2 Rd1 36. Qe5 Kh7 37. Qe4+ g6 38. Qf4 h5 39. Qf6 Qc7+ 40. f4 Rd6 41.
Qe5 Qd7 42. Qe7 Kg7 43. Qxd7 Rxd7 44. Kg3 Kf6 45. Kf3 h4 46. Kg4 Rd4 47. Rf2 a6
48. Kxh4 b5 49. cxb5 axb5 50. Kg4 c4 51. bxc4 Rxc4 52. Re2 Rb4 53. Rc2 Ra4 54.
g3 Ra3 55. Rc6+ Kg7 56. Rb6 Rxa2 57. Rxb5 Ra3 58. Rb7 Rc3 59. h4 Ra3 60. Rc7 Rb3
61. h5 gxh5+ 62. Kh4 Rb5 63. Rd7 Kg6 64. Rd6+ f6 65. g4 hxg4 1/2-1/2

[Event "TCh-CHN 2016"]
[Site "China CHN"]
[Date "2016.12.04"]
[Round "21.5"]
[Board "2"]
[White "Xu, Minghui"]
[Black "Zhou, Weiqi"]
[Result "0-1"]
[BlackTitle "GM"]
[WhiteElo "2305"]
[BlackElo "2635"]
[WhiteTeam "Zhejiang"]
[BlackTeam "Chongqing"]
[WhiteFideId "8606790"]
[BlackFideId "8601674"]
[EventDate "2016.04.12"]

1. d4 Nf6 2. c4 e6 3. g3 d5 4. Bg2 Bb4+ 5. Bd2 Bd6 6. Nf3 O-O 7. Qc2 c6 8. O-O
Nbd7 9. Bg5 dxc4 10. Nbd2 h6 11. Nxc4 hxg5 12. Nxd6 g4 13. Ne5 Qc7 14. Ndc4 c5
15. Nxd7 Bxd7 16. Ne3 Rac8 17. Rfc1 b6 18. b4 c4 19. Qxc4 Qd6 20. Qa6 Qxd4 21.
Rd1 Qxb4 22. Qxa7 Bb5 23. Qxb6 Rb8 24. Qd6 Bxe2 25. Qxb4 Rxb4 26. Rd2 Bf3 27. h3
Bxg2 28. Kxg2 gxh3+ 29. Kxh3 Ra8 30. Rad1 Ne4 31. Rc2 Rba4 32. Ra1 f5 33. Kg2 g5
34. Nf1 g4 35. Nd2 Nxd2 36. Rxd2 Kf7 37. Kf1 Kf6 38. Ke2 Ke5 39. Rb1 Rxa2 40.
Rb5+ Kf6 41. Rxa2 Rxa2+ 42. Ke3 Ra4 43. Rb8 Ra5 44. Rc8 Ra3+ 45. Ke2 Ke5 46. Rb8
Rc3 47. Rb6 Kd5 48. Ra6 Rc6 49. Ra5+ Kd4 50. Ra2 Rc4 51. Rd2+ Ke4 52. Ra2 Rb4
53. Rc2 Ra4 54. Rb2 Kd5 55. Ke3 Ra3+ 56. Ke2 Ra5 57. Ke3 Ke5 58. Rb3 Kf6 59. Rb8
Re5+ 60. Kd3 Re4 61. Ra8 Ke5 62. Ra5+ Kf6 63. Ra8 Re1 64. Kd2 Rh1 65. Ke3 Rb1
66. Ra5 e5 67. Ra8 Rb3+ 68. Ke2 Ke6 69. Rf8 Rc3 70. Rd8 Rc4 71. Rf8 Rc7 72. Ke3
Rc3+ 73. Ke2 Rf3 74. Re8+ Kd5 75. Ra8 Rc3 76. Ra4 Rc4 77. Ra2 f4 78. gxf4 exf4
79. Kf1 f3 80. Kg1 Rc1+ 81. Kh2 Ke4 82. Ra8 Kd3 83. Re8 Kd2 84. Kg3 Rg1+ 85. Kf4
Re1 86. Ra8 Ke2 87. Ra2+ Kf1 88. Kg3 Kg1 89. Rb2 Kh1 90. Rb4 Rg1+ 91. Kf4 Kh2
92. Rb2 Kh3 93. Ra2 Rb1 94. Rc2 Rb4+ 95. Ke3 Kg2 96. Ra2 Rb8 97. Kf4 Kh3 98. Rc2
Rf8+ 99. Ke3 g3 100. Rc7 Kg2 101. Kd4 0-1

[Event "TCh-CHN 2016"]
[Site "China CHN"]
[Date "2016.12.04"]
[Round "21.5"]
[Board "3"]
[White "Lu, Shanglei"]
[Black "Wang, Chen"]
[Result "1/2-1/2"]
[WhiteTitle "GM"]
[BlackTitle "IM"]
[WhiteElo "2619"]
[BlackElo "2514"]
[WhiteTeam "Zhejiang"]
[BlackTeam "Chongqing"]
[WhiteFideId "8603332"]
[BlackFideId "8601020"]
[EventDate "2016.04.12"]

1. e4 Nf6 2. Nc3 d5 3. e5 d4 4. exf6 dxc3 5. fxg7 cxd2+ 6. Qxd2 Qxd2+ 7. Bxd2
Bxg7 8. O-O-O Bf5 9. Nf3 Nd7 10. Nh4 Bg6 11. g3 Bf6 12. Bh3 e6 13. f4 Bh5 14.
Rde1 O-O-O 15. Ng2 Rhg8 16. Ne3 Kb8 17. f5 exf5 18. Nd5 Be5 19. Rhf1 f6 20. Ne7
Rge8 21. Nxf5 Bg6 22. Ng7 Re7 23. Nf5 Ree8 24. Ng7 Re7 25. Nf5 Ree8 1/2-1/2

[Event "TCh-CHN 2016"]
[Site "China CHN"]
[Date "2016.12.04"]
[Round "21.5"]
[Board "4"]
[White "Lei, Tingjie"]
[Black "Zhu, Jiner"]
[Result "1-0"]
[WhiteTitle "WGM"]
[WhiteElo "2504"]
[BlackElo "2095"]
[WhiteTeam "Chongqing"]
[BlackTeam "Zhejiang"]
[WhiteFideId "8605114"]
[BlackFideId "8608059"]
[EventDate "2016.04.12"]

1. e4 c5 2. Nf3 d6 3. d4 Nf6 4. Nc3 cxd4 5. Nxd4 a6 6. Be3 e6 7. f3 Be7 8. Qd2
Nc6 9. O-O-O O-O 10. g4 Nxd4 11. Bxd4 b5 12. g5 Nd7 13. h4 Qc7 14. Kb1 b4 15.
Na4 Nc5 16. Qxb4 Rb8 17. Qc3 e5 18. Be3 Be6 19. Nxc5 dxc5 20. Bc4 Rb4 21. Bxe6
fxe6 22. a3 Rb7 23. Qc4 Qb6 24. b3 Rxf3 25. Rd3 Qc6 26. Rhd1 Kf7 27. h5 g6 28.
hxg6+ hxg6 29. Bc1 Rxd3 30. Qxd3 Kg8 31. Rh1 Bf8 32. Qh3 Bg7 33. Qh7+ Kf8 34.
Qxg6 c4 35. a4 Rf7 36. Ba3+ Ke8 37. Rf1 Qd7 38. bxc4 a5 39. Kc1 1-0

[Event "TCh-CHN 2016"]
[Site "China CHN"]
[Date "2016.12.04"]
[Round "21.5"]
[Board "5"]
[White "Tan, Zhongyi"]
[Black "Ding, Yixin"]
[Result "1/2-1/2"]
[WhiteTitle "WGM"]
[BlackTitle "WGM"]
[WhiteElo "2518"]
[BlackElo "2426"]
[WhiteTeam "Chongqing"]
[BlackTeam "Zhejiang"]
[WhiteFideId "8603642"]
[BlackFideId "8602972"]
[EventDate "2016.04.12"]

1. c4 Nf6 2. Nc3 g6 3. g3 c6 4. Bg2 d5 5. cxd5 cxd5 6. d4 Bg7 7. Nh3 Bxh3 8.
Bxh3 Nc6 9. O-O O-O 10. e3 e6 11. b3 Rc8 12. Bb2 Ne7 13. Qe2 Nf5 14. Rfc1 Qa5
15. Qb5 Qxb5 16. Nxb5 a6 17. Bxf5 axb5 18. Bd3 b4 19. a3 Rxc1+ 20. Rxc1 bxa3 21.
Bxa3 Ra8 22. Be7 Ne8 23. Bc5 Bf8 24. e4 Bxc5 25. dxc5 Ra3 26. exd5 exd5 27. Rb1
Nf6 28. Bf1 Ne4 29. b4 Ra2 30. Rc1 Kf8 31. b5 Ke7 32. c6 bxc6 33. bxc6 Nd6 34.
Bg2 d4 35. Bf3 d3 36. Kf1 d2 37. Rb1 Rc2 38. Rd1 Nc4 39. Ke2 Ne5 40. Bg2 1/2-1/2

[Event "TCh-CHN 2016"]
[Site "China CHN"]
[Date "2016.12.04"]
[Round "21.6"]
[Board "1"]
[White "Zhang, Zhong"]
[Black "Zhou, Jianchao"]
[Result "1/2-1/2"]
[WhiteTitle "GM"]
[BlackTitle "GM"]
[WhiteElo "2634"]
[BlackElo "2612"]
[WhiteTeam "Beijing"]
[BlackTeam "Shanghai"]
[WhiteFideId "8600694"]
[BlackFideId "8603537"]
[EventDate "2016.04.12"]

1. e4 d5 2. exd5 Qxd5 3. Nc3 Qa5 4. d4 Nf6 5. Nf3 c6 6. Bc4 Bf5 7. Bd2 Nbd7 8.
Qe2 Qc7 9. h3 e6 10. g4 Bg6 11. Ne5 Nxe5 12. dxe5 Nd7 13. f4 Bxc2 14. Rc1 Bg6
15. f5 exf5 16. Nb5 Qxe5 17. Nc7+ Kd8 18. Nxa8 fxg4 19. hxg4 Bc5 20. Qxe5 Nxe5
21. Be2 Bd6 22. Rh3 Ke7 23. Rb3 b5 24. a4 Rxa8 25. axb5 cxb5 26. Rxb5 Nd3+ 27.
Bxd3 Bxd3 28. Rb3 Bg6 29. Bb4 a5 30. Ba3 Bxa3 31. bxa3 Ra7 32. Rc5 f6 33. Rbb5
a4 34. Ra5 Rxa5 35. Rxa5 Be8 36. Ra7+ Bd7 37. Kf2 Kd6 38. Ke3 g5 39. Kd4 Bxg4
40. Rxa4 Bd7 41. Ra6+ Bc6 42. Ra7 h5 43. a4 h4 44. a5 h3 45. Rh7 Bg2 46. a6 Kc6
47. a7 Kb6 48. Rxh3 Kxa7 49. Rh6 f5 50. Rh5 g4 51. Rxf5 Kb6 1/2-1/2

[Event "TCh-CHN 2016"]
[Site "China CHN"]
[Date "2016.12.04"]
[Round "21.6"]
[Board "2"]
[White "Yu, Yangyi"]
[Black "Andreikin, Dmitry"]
[Result "1/2-1/2"]
[WhiteTitle "GM"]
[BlackTitle "GM"]
[WhiteElo "2738"]
[BlackElo "2736"]
[WhiteTeam "Beijing"]
[BlackTeam "Shanghai"]
[WhiteFideId "8603820"]
[BlackFideId "4158814"]
[EventDate "2016.04.12"]

1. e4 e5 2. Nf3 Nc6 3. Bb5 Nf6 4. d3 Bc5 5. Bxc6 dxc6 6. Qe2 Bg4 7. h3 Bxf3 8.
Qxf3 Nd7 9. Nc3 Qf6 10. Qxf6 Nxf6 11. f4 Nh5 12. Rf1 Nxf4 13. Bxf4 exf4 14. Rxf4
Bd4 15. Ne2 Be3 16. Rf3 Bh6 17. c3 Rd8 18. Kd1 c5 19. Kc2 g6 20. a4 O-O 21. g4
Rd7 22. b3 Bg5 23. Rh1 Bh4 24. Nf4 Rfd8 25. Ng2 Be7 26. Rhf1 Bf8 27. h4 Bg7 28.
Nf4 Be5 29. Nh3 h6 30. Nf2 a6 31. Ra1 Kg7 32. Nd1 h5 33. gxh5 Rh8 34. Ne3 Rxh5
35. Rg1 Rd8 36. Nf5+ Kf8 37. Ne3 Ke7 38. Rgf1 Rf8 39. Nd5+ Ke8 40. d4 cxd4 41.
cxd4 Bxd4 42. Nxc7+ Ke7 43. Nd5+ Ke8 44. Nc7+ Ke7 45. Nd5+ 1/2-1/2

[Event "TCh-CHN 2016"]
[Site "China CHN"]
[Date "2016.12.04"]
[Round "21.6"]
[Board "3"]
[White "Wang, Yiye"]
[Black "Ni, Hua"]
[Result "0-1"]
[WhiteTitle "IM"]
[BlackTitle "GM"]
[WhiteElo "2442"]
[BlackElo "2681"]
[WhiteTeam "Beijing"]
[BlackTeam "Shanghai"]
[WhiteFideId "8606021"]
[BlackFideId "8601160"]
[EventDate "2016.04.12"]

1. Nf3 d5 2. d4 Nf6 3. c4 e6 4. e3 Be7 5. Be2 dxc4 6. Bxc4 c5 7. O-O cxd4 8.
Qxd4 O-O 9. Qxd8 Rxd8 10. a3 b6 11. Nbd2 a5 12. b3 Bb7 13. Bb2 Nbd7 14. Rfd1 Nc5
15. Bd4 Nd5 16. Kf1 Kf8 17. Rab1 f6 18. e4 Nc7 19. b4 axb4 20. axb4 Na4 21. Rdc1
e5 22. Be3 Na6 23. Bb5 Nxb4 24. Rc4 Ra5 25. Rcxb4 Bxb4 26. Rxb4 Rxb5 27. Rxa4
Ra5 28. Rxa5 bxa5 29. Ke1 Rc8 30. Nb3 a4 31. Nc5 a3 32. Nd2 a2 33. Ndb3 Bc6 34.
Bd2 Rb8 35. Bc3 Kf7 36. f3 Ba4 37. Na1 Rb1+ 38. Kd2 Bb5 39. Nd3 Bxd3 40. Kxd3
Rh1 41. h3 Rh2 42. g4 Rxh3 43. Ke3 Ke6 44. Nc2 Rh1 45. Kd3 g6 0-1

[Event "TCh-CHN 2016"]
[Site "China CHN"]
[Date "2016.12.04"]
[Round "21.6"]
[Board "4"]
[White "Ju, Wenjun"]
[Black "Wang, Jue"]
[Result "1-0"]
[WhiteTitle "GM"]
[BlackTitle "WGM"]
[WhiteElo "2568"]
[BlackElo "2380"]
[WhiteTeam "Shanghai"]
[BlackTeam "Beijing"]
[WhiteFideId "8603006"]
[BlackFideId "8604070"]
[EventDate "2016.04.12"]

1. d4 Nf6 2. c4 g6 3. g3 Bg7 4. Bg2 O-O 5. Nc3 d6 6. Nf3 Nc6 7. O-O a6 8. Bg5 h6
9. Bd2 Rb8 10. d5 Na5 11. b3 c5 12. a4 Qb6 13. Ra3 e6 14. Qc2 exd5 15. Nxd5 Nxd5
16. cxd5 Bd7 17. Rb1 Rbc8 18. e4 Rfe8 19. Bf1 Bg4 20. Kg2 Qc7 21. Rc1 Qd8 22.
Ng1 Bd7 23. Qb1 Qb6 24. Nf3 Rc7 25. b4 cxb4 26. Rxc7 Qxc7 27. Qxb4 b6 28. Bxa6
f5 29. exf5 Bxf5 30. Re3 Rf8 31. h3 g5 32. Bd3 Bxd3 33. Rxd3 Qc4 34. Qb5 Qxb5
35. axb5 Nc4 36. Bc3 Ra8 37. Bxg7 Kxg7 38. Rc3 Ra4 39. Nd4 Kf6 40. Nc6 Kf5 41.
Rf3+ Ke4 42. Rf6 Kxd5 43. Rxh6 Kc5 44. Rg6 Kxb5 45. Ne7 Ka6 46. Rxg5 b5 47. Rg4
Kb6 48. Nd5+ Kc5 49. Nc3 Ra3 50. Rg5+ Kb4 51. Nd5+ Kb3 52. Rg8 Ne5 53. Rb8 Kc4
54. Ne3+ Kc5 55. h4 b4 56. h5 Nc6 57. Rb7 b3 58. h6 Nb4 59. Nd1 Ra8 60. g4 Kc4
61. g5 Nd3 62. h7 Nf4+ 63. Kg3 Ng6 64. Rg7 Kd5 1-0

[Event "TCh-CHN 2016"]
[Site "China CHN"]
[Date "2016.12.04"]
[Round "21.6"]
[Board "5"]
[White "Zatonskih, Anna"]
[Black "Zhao, Xue"]
[Result "1-0"]
[WhiteTitle "WGM"]
[BlackTitle "GM"]
[WhiteElo "2450"]
[BlackElo "2504"]
[WhiteTeam "Shanghai"]
[BlackTeam "Beijing"]
[WhiteFideId "14101572"]
[BlackFideId "8601283"]
[EventDate "2016.04.12"]

1. d4 Nf6 2. c4 e6 3. Nc3 Bb4 4. Qc2 O-O 5. a3 Bxc3+ 6. Qxc3 d6 7. Bg5 Nbd7 8.
e3 b6 9. Bd3 c5 10. Ne2 Ba6 11. Qc2 h6 12. Bh4 Rc8 13. Qa4 Bb7 14. O-O Qc7 15.
Rac1 cxd4 16. exd4 Bc6 17. Qc2 Qb7 18. f3 b5 19. b3 Rfe8 20. Bg3 e5 21. dxe5
dxe5 22. Nc3 bxc4 23. Bxc4 Nb6 24. Rfe1 Nxc4 25. bxc4 e4 26. fxe4 Nxe4 27. Nxe4
Bxe4 28. Qf2 Re6 29. c5 Rce8 30. Rcd1 Bc6 31. Rxe6 Rxe6 32. Rd8+ Kh7 33. Rd6 Re8
34. h3 Kg8 35. Qd2 Qb5 36. Qb4 Qa6 37. Qd2 Qxa3 38. Bf2 Qa4 39. Bd4 Qb5 40. Qf4
Be4 41. Kh2 Bg6 42. c6 Qb8 43. Qg3 Qc8 44. c7 Kh8 45. Qc3 Kh7 46. Bxg7 Re7 47.
Rc6 Be4 48. Rxh6+ 1-0

[Event "TCh-CHN 2016"]
[Site "China CHN"]
[Date "2016.12.05"]
[Round "22.1"]
[Board "1"]
[White "Ganguly, Surya Shekhar"]
[Black "Yu, Yangyi"]
[Result "1/2-1/2"]
[WhiteTitle "GM"]
[BlackTitle "GM"]
[WhiteElo "2672"]
[BlackElo "2738"]
[WhiteTeam "Guangdong"]
[BlackTeam "Beijing"]
[WhiteFideId "5002150"]
[BlackFideId "8603820"]
[EventDate "2016.04.12"]

1. e4 e5 2. Nf3 Nc6 3. Bc4 Bc5 4. O-O Nf6 5. d3 O-O 6. h3 d6 7. c3 Bb6 8. a4 a6
9. Re1 Ne7 10. a5 Ba7 11. Nbd2 Ng6 12. Nf1 c6 13. Bb3 d5 14. Ng3 Be6 15. Ng5 Bc8
16. d4 h6 17. Nf3 Nxe4 18. Nxe4 dxe4 19. Nxe5 Nxe5 20. dxe5 Qh4 21. Be3 Bxe3 22.
Rxe3 Bf5 23. Qe2 Rad8 24. Re1 Kh8 25. e6 fxe6 26. Bxe6 Bh7 27. Ba2 Rd6 28. Bb1
Qd8 29. Bxe4 Rd2 30. Qg4 Bxe4 31. Rxe4 Rdxf2 32. Re7 R2f7 33. Qe6 Qd2 34. Qe3
Qd5 35. b4 1/2-1/2

[Event "TCh-CHN 2016"]
[Site "China CHN"]
[Date "2016.12.05"]
[Round "22.1"]
[Board "2"]
[White "Xu, Yinglun"]
[Black "Zhang, Zhong"]
[Result "1/2-1/2"]
[BlackTitle "GM"]
[WhiteElo "2523"]
[BlackElo "2634"]
[WhiteTeam "Guangdong"]
[BlackTeam "Beijing"]
[WhiteFideId "8604940"]
[BlackFideId "8600694"]
[EventDate "2016.04.12"]

1. d4 d6 2. Nf3 g6 3. c4 Bg7 4. Nc3 Bg4 5. e3 Nf6 6. Be2 O-O 7. O-O Na6 8. h3
Bf5 9. Bd3 Bxd3 10. Qxd3 e5 11. dxe5 dxe5 12. Nxe5 Qxd3 13. Nxd3 Rfd8 14. Rd1
Rd7 15. Kf1 Rad8 16. Ke2 Ne8 17. f3 Nd6 18. c5 Nf5 19. Ne4 Nh4 20. Rb1 f5 21.
Nef2 Nxg2 22. Rg1 Nh4 23. b4 c6 24. f4 Nc7 25. Bb2 Bxb2 26. Rxb2 Nd5 27. Rb3 Nf6
28. Rb2 Nd5 29. Rb3 Re8 30. Ne5 Rg7 31. Nfd3 h6 32. Kd2 a6 33. a4 Nc7 34. Rg3 g5
35. Rb1 Kh7 36. Kc2 Ng6 37. Nxg6 Rxg6 38. Rbg1 Ne6 39. Kc3 Rg7 40. fxg5 Nxg5 41.
Kc2 Re4 42. Rf1 Rf7 43. Rf4 a5 44. Rxe4 Ne6 45. bxa5 fxe4 46. Ne5 Rf5 47. Nc4
Rxc5 48. Kc3 Rd5 49. Rg4 Nc5 50. Nb6 Rf5 51. Kc4 h5 52. Rf4 Rxf4 53. exf4 e3 54.
Kc3 Kg6 55. Nc4 Kf5 56. Nxe3+ Kxf4 57. Nc4 Ne4+ 58. Kd4 h4 59. Nb2 Nd6 60. Kc5
Nc8 61. Nc4 Kg3 62. Ne5 Kxh3 63. Nf3 Kg3 64. Nxh4 Kxh4 65. a6 bxa6 66. Kxc6 1/2-1/2

[Event "TCh-CHN 2016"]
[Site "China CHN"]
[Date "2016.12.05"]
[Round "22.1"]
[Board "3"]
[White "Zeng, Chongsheng"]
[Black "Fang, Yan"]
[Result "1/2-1/2"]
[WhiteTitle "GM"]
[WhiteElo "2549"]
[BlackElo "2364"]
[WhiteTeam "Guangdong"]
[BlackTeam "Beijing"]
[WhiteFideId "8603847"]
[BlackFideId "8604746"]
[EventDate "2016.04.12"]

1. e4 c5 2. Nc3 Nc6 3. Bb5 d6 4. f4 Bd7 5. Nf3 g6 6. a4 Bg7 7. d3 Nf6 8. O-O O-O
9. Bd2 Nd4 10. Bxd7 Nxd7 11. Rb1 Rc8 12. Ne2 a6 13. c3 Nxf3+ 14. Rxf3 b5 15.
axb5 axb5 16. Rh3 c4 17. d4 e5 18. Be3 Qe7 19. Ng3 Nf6 20. Qf3 Nd7 21. Rf1 exd4
22. Bxd4 Bxd4+ 23. cxd4 b4 24. Rc1 f6 25. f5 g5 26. Nf1 d5 27. e5 fxe5 28. Qxd5+
Qf7 29. Qd6 exd4 30. Qxd4 Qxf5 31. Ne3 Qe6 32. Ng4 Nf6 33. Nh6+ Kh8 34. Rf3 Qd5
35. Qxd5 Nxd5 36. Nf7+ Kg7 37. Nxg5 Rxf3 38. Nxf3 c3 39. bxc3 Nxc3 40. Rc2 Kf6
41. Rb2 1/2-1/2

[Event "TCh-CHN 2016"]
[Site "China CHN"]
[Date "2016.12.05"]
[Round "22.1"]
[Board "4"]
[White "Zhao, Xue"]
[Black "Liu, Manli"]
[Result "1-0"]
[WhiteTitle "GM"]
[WhiteElo "2504"]
[BlackElo "2015"]
[WhiteTeam "Beijing"]
[BlackTeam "Guangdong"]
[WhiteFideId "8601283"]
[BlackFideId "8608121"]
[EventDate "2016.04.12"]

1. c4 Nf6 2. Nf3 e6 3. b3 d5 4. Bb2 Be7 5. g3 O-O 6. Bg2 c5 7. cxd5 exd5 8. d4
Nc6 9. O-O Be6 10. Nc3 Ne4 11. dxc5 Bxc5 12. Rc1 Be7 13. Nb5 Qb6 14. Nbd4 Nxd4
15. Nxd4 Rac8 16. Qd3 Bf6 17. e3 Rfd8 18. Rfd1 Nc5 19. Qe2 Ne4 20. h3 h6 21. Kh2
a6 22. f3 Nd6 23. Nxe6 fxe6 24. Bxf6 gxf6 25. Rxc8 Rxc8 26. Qd3 Kg7 27. e4 Rc5
28. f4 Nxe4 29. Bxe4 dxe4 30. Qxe4 Qc6 31. Qxc6 Rxc6 32. Rd7+ Kg6 33. g4 h5 34.
Kg3 hxg4 35. hxg4 Rc2 36. Re7 Rxa2 37. Rxe6 Ra5 38. Rb6 Rc5 39. Rxb7 Rc6 40. Kh4
f5 41. g5 Rd6 42. Rb8 Rd3 43. Rb6+ Kg7 44. Rf6 Rxb3 45. Rxf5 Rb5 46. Rf6 Rb4 47.
Kh5 a5 48. Kg4 a4 49. Ra6 Kf7 50. g6+ Kg7 51. Kg5 1-0

[Event "TCh-CHN 2016"]
[Site "China CHN"]
[Date "2016.12.05"]
[Round "22.1"]
[Board "5"]
[White "Wang, Jue"]
[Black "Padmini, Rout"]
[Result "0-1"]
[WhiteTitle "WGM"]
[BlackTitle "IM"]
[WhiteElo "2380"]
[BlackElo "2408"]
[WhiteTeam "Beijing"]
[BlackTeam "Guangdong"]
[WhiteFideId "8604070"]
[BlackFideId "5029295"]
[EventDate "2016.04.12"]

1. e4 c5 2. Nf3 d6 3. d4 cxd4 4. Nxd4 Nf6 5. Nc3 a6 6. h3 e5 7. Nde2 h5 8. g3
Be6 9. Bg2 Nbd7 10. a4 Be7 11. b3 Nc5 12. Be3 Rc8 13. O-O Bd7 14. b4 Ne6 15. Qd3
h4 16. g4 g5 17. Rfb1 Qc7 18. b5 a5 19. b6 Qc4 20. Bd2 O-O 21. Rb2 Kg7 22. Nb5
Bxb5 23. axb5 a4 24. Rba2 Nd7 25. Rxa4 Qxc2 26. Qe3 Nxb6 27. R4a2 Qc5 28. Qf3
Qxb5 29. Bf1 Qc6 30. Rc1 Qd7 31. Rb1 Na4 32. Bb4 Nac5 33. Rd2 Qc6 34. Nc3 Nd4
35. Qe3 Nce6 36. Nd5 Bf6 37. Bc3 Nf4 38. Bxd4 Nxd5 39. exd5 exd4 40. Qf3 Qc3 41.
Rd3 Qc7 42. Rdb3 Rb8 43. Bd3 Qe7 44. R3b2 Rh8 45. Bf5 Rhe8 46. Rc2 Qe5 47. Rc7
Re7 48. Rc2 Qf4 49. Qxf4 gxf4 50. Kg2 Ra8 51. Bd3 Ra3 52. Rd2 Ra5 53. Rdb2 Ra3
54. Rd2 Rc7 55. Kf3 Be5 56. Ke4 Kf6 57. Rdb2 Rcc3 58. Rd2 Rcb3 59. Rc1 b5 60.
Rc7 Ra1 61. g5+ Kxg5 62. Rxf7 Re1+ 63. Kf3 b4 64. Kg2 Rc3 65. f3 b3 66. Rb7 Re3
67. Be4 d3 68. Kf1 Rc1+ 69. Kf2 Rc2 0-1

[Event "TCh-CHN 2016"]
[Site "China CHN"]
[Date "2016.12.05"]
[Round "22.2"]
[Board "2"]
[White "Andreikin, Dmitry"]
[Black "Lu, Shanglei"]
[Result "1/2-1/2"]
[WhiteTitle "GM"]
[BlackTitle "GM"]
[WhiteElo "2736"]
[BlackElo "2619"]
[WhiteTeam "Shanghai"]
[BlackTeam "Zhejiang"]
[WhiteFideId "4158814"]
[BlackFideId "8603332"]
[EventDate "2016.04.12"]

1. d4 d5 2. Nf3 Nf6 3. c4 e6 4. g3 dxc4 5. Bg2 Bd7 6. Ne5 Bc6 7. Nxc6 Nxc6 8.
O-O Qd7 9. e3 Rd8 10. Qe2 e5 11. Qxc4 exd4 12. Qb5 Rb8 13. Rd1 a6 14. Qc4 Bd6
15. exd4 O-O 16. Nc3 h6 17. Nd5 Nxd5 18. Qxd5 Rfe8 19. Be3 Ne7 20. Qh5 Qf5 21.
Qxf5 Nxf5 22. Rd3 Nxe3 23. fxe3 c5 24. Rc1 cxd4 25. Rxd4 Be5 26. Rd7 Bxb2 27.
Rc2 Bf6 28. Bxb7 a5 29. e4 Re7 30. Rxe7 Bxe7 31. Rc7 Bd8 32. Rd7 Bb6+ 33. Kf1
Rd8 34. Rxd8+ 1/2-1/2

[Event "TCh-CHN 2016"]
[Site "China CHN"]
[Date "2016.12.05"]
[Round "22.2"]
[Board "3"]
[White "Xu, Yi"]
[Black "Xu, Minghui"]
[Result "1-0"]
[WhiteTitle "FM"]
[WhiteElo "2386"]
[BlackElo "2305"]
[WhiteTeam "Shanghai"]
[BlackTeam "Zhejiang"]
[WhiteFideId "8605564"]
[BlackFideId "8606790"]
[EventDate "2016.04.12"]

1. e4 c6 2. d4 d5 3. e5 Bf5 4. Nf3 e6 5. Be2 c5 6. Be3 cxd4 7. Nxd4 Ne7 8. O-O
Nbc6 9. Bb5 a6 10. Bxc6+ bxc6 11. c4 Qd7 12. cxd5 Nxd5 13. Nxf5 exf5 14. Bd4 Be7
15. e6 Qxe6 16. Re1 Qg6 17. Bc5 Qg5 18. Bxe7 Nxe7 19. Qd6 Kf8 20. Nd2 h5 21. Nf3
Rh6 22. Qc5 Qf6 23. Rad1 Re8 24. h4 Qxb2 25. Qxe7+ Rxe7 26. Rd8+ Re8 27. Rexe8# 1-0

[Event "TCh-CHN 2016"]
[Site "China CHN"]
[Date "2016.12.05"]
[Round "22.2"]
[Board "4"]
[White "Ding, Yixin"]
[Black "Zhang, Xiaowen"]
[Result "1/2-1/2"]
[WhiteTitle "WGM"]
[BlackTitle "WGM"]
[WhiteElo "2426"]
[BlackElo "2374"]
[WhiteTeam "Zhejiang"]
[BlackTeam "Shanghai"]
[WhiteFideId "8602972"]
[BlackFideId "8603219"]
[EventDate "2016.04.12"]

1. e4 e5 2. Nf3 Nf6 3. Nxe5 d6 4. Nf3 Nxe4 5. Nc3 Nxc3 6. dxc3 Be7 7. Be3 O-O 8.
Qd2 Nd7 9. O-O-O c6 10. Kb1 d5 11. h4 Nf6 12. Ng5 Ne4 13. Qe1 Bf5 14. Bd3 Nd6
15. Qe2 Qd7 16. Bxf5 Qxf5 17. g4 Qd7 18. c4 f6 19. Nf3 Qxg4 20. cxd5 cxd5 21.
Rxd5 Qe6 22. Rhd1 Rad8 23. Qd3 Nc8 24. Qb3 Rxd5 25. Rxd5 Nb6 26. Bxb6 axb6 27.
a3 Bc5 28. Nd4 Bxd4 29. Rxd4 Qxb3 30. cxb3 g5 31. Kc2 1/2-1/2

[Event "TCh-CHN 2016"]
[Site "China CHN"]
[Date "2016.12.05"]
[Round "22.2"]
[Board "5"]
[White "Zhu, Jiner"]
[Black "Zatonskih, Anna"]
[Result "1/2-1/2"]
[BlackTitle "WGM"]
[WhiteElo "2095"]
[BlackElo "2450"]
[WhiteTeam "Zhejiang"]
[BlackTeam "Shanghai"]
[WhiteFideId "8608059"]
[BlackFideId "14101572"]
[EventDate "2016.04.12"]

1. e4 e6 2. d4 d5 3. Nc3 Nf6 4. e5 Nfd7 5. f4 c5 6. Nf3 Qb6 7. Be3 a6 8. a3 Nc6
9. dxc5 Bxc5 10. Bxc5 Nxc5 11. Qc1 O-O 12. b4 Nd7 13. Bd3 f6 14. exf6 Nxf6 15.
Qd2 Ng4 16. h3 Nf6 17. Qf2 Qc7 18. Ne2 e5 19. fxe5 Nxe5 20. Nxe5 Qxe5 21. O-O
Bd7 22. Qd4 Rae8 23. Qxe5 Rxe5 24. Nd4 Rfe8 25. Nf3 R5e7 26. Rfe1 Rxe1+ 27. Rxe1
Rxe1+ 28. Nxe1 Kf7 29. Kf2 Ke6 30. Ke3 h6 31. Nf3 Kd6 32. Kd4 Nh5 33. Ke3 Nf6
34. Kd4 Nh5 35. Ke3 1/2-1/2

[Event "TCh-CHN 2016"]
[Site "China CHN"]
[Date "2016.12.05"]
[Round "22.3"]
[Board "1"]
[White "Wang, Chen"]
[Black "Zhao, Yuanhe"]
[Result "1/2-1/2"]
[WhiteTitle "IM"]
[WhiteElo "2514"]
[BlackElo "2313"]
[WhiteTeam "Chongqing"]
[BlackTeam "Chengdu"]
[WhiteFideId "8601020"]
[BlackFideId "8609497"]
[EventDate "2016.04.12"]

1. d4 Nf6 2. Bg5 d5 3. e3 c6 4. Nd2 Nbd7 5. Ngf3 e6 6. c3 Be7 7. Bd3 O-O 8. O-O
b6 9. h3 Bb7 10. Rc1 Rc8 11. Qe2 c5 12. Bf4 Ne4 13. Rfd1 Ndf6 14. Ba6 Bxa6 15.
Qxa6 Bd6 16. Nxe4 Nxe4 17. Bxd6 Qxd6 18. c4 cxd4 19. Rxd4 b5 20. Qxb5 Rb8 21.
Qa5 Rxb2 22. Nd2 Qb6 23. Qxb6 axb6 24. Nxe4 dxe4 25. a4 Rb4 26. c5 bxc5 27. Rxc5
Rxd4 28. exd4 f5 29. a5 Rb8 30. g3 Rb1+ 31. Kg2 Kf7 1/2-1/2